<?xml version="1.0" encoding="UTF-8"?><record xmlns="http://www.loc.gov/MARC21/slim" xmlns:zs="http://docs.oasis-open.org/ns/search-ws/sruResponse">
  <leader>00679cz  a2200169n  4500</leader>
  <controlfield tag="001">n  79003951 </controlfield>
  <controlfield tag="003">DLC</controlfield>
  <controlfield tag="005">20110914074655.0</controlfield>
  <controlfield tag="008">790117n| acannaabn           a aaa      </controlfield>
  <datafield ind1=" " ind2=" " tag="010">
    <subfield code="a">n  79003951 </subfield>
  </datafield>
  <datafield ind1=" " ind2=" " tag="035">
    <subfield code="a">(OCoLC)oca00238137</subfield>
  </datafield>
  <datafield ind1=" " ind2=" " tag="040">
    <subfield code="a">DLC</subfield>
    <subfield code="b">eng</subfield>
    <subfield code="c">DLC</subfield>
    <subfield code="d">DLC</subfield>
    <subfield code="d">CSt</subfield>
    <subfield code="d">CLU-FT</subfield>
    <subfield code="d">DeGH</subfield>
    <subfield code="d">DLC</subfield>
  </datafield>
  <datafield ind1="1" ind2=" " tag="100">
    <subfield code="a">Paley, William S.</subfield>
    <subfield code="q">(William Samuel),</subfield>
    <subfield code="d">1901-1990</subfield>
  </datafield>
  <datafield ind1="1" ind2=" " tag="400">
    <subfield code="w">nnaa</subfield>
    <subfield code="a">Paley, William Samuel,</subfield>
    <subfield code="d">1901-</subfield>
  </datafield>
  <datafield ind1=" " ind2=" " tag="667">
    <subfield code="a">d. Oct. 26, 1990</subfield>
  </datafield>
  <datafield ind1=" " ind2=" " tag="670">
    <subfield code="a">His Radio as a cultural force, 1934.</subfield>
  </datafield>
  <datafield ind1=" " ind2=" " tag="670">
    <subfield code="a">Who was who in America, v. 10:</subfield>
    <subfield code="b">p. 274 (Paley, William S.; b. Sept. 28, 1901; d. Oct. 26, 1990; broadcasting exective; pres., Columbia Broadcasting System, Inc., 1928-1946; chmn., 1946-90)</subfield>
  </datafield>
</record>
